LEADER 01184nam a2200289 u 4500 001 000000010168 003 CaOOAMICUS 005 20070226105304.0 008 940516s1976 gw u000 u ger u 020 $a311005986X 035 $a10251653 040 $aPUL(R)$bita 245 04$aDie Auseinandersetzungen an der Pariser Universität im XIII. Jahrhundert /$chrsg. von Albert Zimmermann. 260 $aBerlin :$bW. de Gruyter,$c1976. 300 $aviii, 400 p. ;$c25 cm 490 1 $aMiscellanea mediaevalia ;$vBd. 10 504 $aBibliografia in nota. 650 4$aUniversità.$0(OLS)http://pul/subject/1872 700 1 $aZimmermann, Albert,$d1928-$0(OLS)http://pul/name/856 830 0$aMiscellanea mediaevalia ;$vBd. 10.$0(OLS)http://pul/title/407 850 $aPUL 852 $aPUL$W1$xSL Filosofia 1$y2$m105(1) F 10$j14497$nBK-PRI$qStampati$B14497$CPULBib$Z2$F14497 $82 941 1 $a8 961 $aINV: 49307 996 $6020$a311005986X$9(OLS)http://pul/number/13075 996 $6245$aDie Auseinandersetzungen an der Pariser Universität im XIII. Jahrhundert$9(OLS)http://pul/title/14871 996 $6260$aBerlin :$bW. de Gruyter$9(OLS)http://pul/publisher/48032 LEADER 00926nam a2200217 a 4500 001 000000104221 003 CaOOAMICUS 005 20070313095212.0 008 070309s2006 fr 000 0 fre d 040 $aPUG$bita$dPUL$dLDB 100 1 $aDoré, Joseph,$d1936-$0(OLS)http://pul/name/27752 245 13$aLa grâce de vivre :$bentretiens avec Michel Kubler et Charles Ehlinger . 260 $aParis :$bBayard,$c2005. 300 $a505 p. ;$c21 cm 650 4$aRivelazione.$0(OLS)http://pul/subject/3064 650 4$aApologetica$ySec. XX.$0(OLS)http://pul/subject/22862 850 $aPUL 852 $aPUL$W1$xSL Religione 3$y85$m282. 440 DORJO 1$j116609$qDDC 21$B116609$CPULBib$Z2$F116609 $H100787 $82 941 1 $a9 996 $6245$aLa grâce de vivre :$bentretiens avec Michel Kubler et Charles Ehlinger $9(OLS)http://pul/title/131110 996 $6260$aParis :$bBayard$9(OLS)http://pul/publisher/75674